[Event "World Youth & Cadets Rapid Championships"]
[Site "Rhodes, Greece"]
[Date "2022.05.02"]
[Round "7.25"]
[White "Keerthi Kumar, Advait"]
[Black "Pawlicz, Filip"]
[Result "0-1"]
[TimeControl "10'/game & 5\"/move"]
[WhiteElo "1521"]
[BlackElo "1446"]

1. e4 {[%clk 00:10:08]} {[%emt 00:00:01]} c5 {[%clk 00:10:09]} {[%emt
00:00:02]} 2. Nf3 {[%clk 00:10:11]} {[%emt 00:00:01]} Nc6 {[%clk 00:10:13]} 3.
d4 {[%clk 00:10:14]} {[%emt 00:00:04]} cxd4 {[%clk 00:10:17]} {[%emt 00:00:01]}
4. Nxd4 {[%clk 00:10:17]} g6 {[%clk 00:10:20]} {[%emt 00:00:02]} 5. c4 {[%clk
00:10:19]} {[%emt 00:00:02]} Nf6 {[%clk 00:10:20]} {[%emt 00:00:05]} 6. Nc3
{[%clk 00:10:23]} {[%emt 00:00:02]} Nxd4 7. Qxd4 {[%clk 00:10:25]} d6 {[%clk
00:10:27]} {[%emt 00:00:02]} 8. Be3 {[%clk 00:10:26]} {[%emt 00:00:04]} Bg7
{[%clk 00:10:28]} {[%emt 00:00:04]} 9. Qd2 {[%clk 00:10:27]} {[%emt 00:00:02]}
O-O {[%clk 00:10:31]} {[%emt 00:00:04]} 10. Be2 {[%clk 00:10:28]} {[%emt
00:00:04]} Bd7 {[%clk 00:10:32]} {[%emt 00:00:04]} 11. f3 {[%clk 00:10:31]}
{[%emt 00:00:03]} a6 {[%emt 00:00:39]} 12. Bd4 {[%clk 00:10:16]} Rb8 {[%clk
00:10:15]} {[%emt 00:00:08]} 13. Nd5 {[%clk 00:10:15]} {[%emt 00:00:05]} Nxd5
{[%clk 00:10:07]} {[%emt 00:00:13]} 14. cxd5 {[%clk 00:09:55]} {[%emt
00:00:24]} Bxd4 {[%clk 00:10:06]} {[%emt 00:00:07]} 15. Qxd4 {[%clk 00:09:58]}
{[%emt 00:00:03]} b5 {[%clk 00:09:55]} {[%emt 00:00:15]} 16. h4 {[%emt
00:00:58]} Qa5+ {[%clk 00:09:51]} {[%emt 00:00:06]} 17. b4 {[%clk 00:09:11]}
{[%emt 00:00:03]} Qa3 {[%clk 00:09:52]} {[%emt 00:00:03]} 18. h5 {[%clk
00:09:06]} {[%emt 00:00:10]} Rbc8 {[%clk 00:09:46]} {[%emt 00:00:10]} 19. hxg6
{[%clk 00:08:43]} {[%emt 00:00:28]} fxg6 {[%clk 00:09:49]} {[%emt 00:00:03]} 20.
Kf2 {[%clk 00:07:47]} {[%emt 00:01:02]} Qc3 {[%clk 00:09:41]} {[%emt 00:00:11]}
21. Qa7 {[%clk 00:06:40]} {[%emt 00:01:11]} Rc7 {[%clk 00:09:33]} {[%emt
00:00:15]} 22. Qb6 {[%clk 00:06:02]} {[%emt 00:00:37]} Rcc8 {[%clk 00:09:06]}
{[%emt 00:00:37]} 23. Rhc1 {[%clk 00:05:10]} {[%emt 00:00:57]} Qxb4 {[%clk
00:09:07]} {[%emt 00:00:05]} 24. Kf1 {[%clk 00:04:43]} {[%emt 00:00:26]} Qxe4
{[%clk 00:08:51]} {[%emt 00:00:27]} 25. Rxc8 {[%clk 00:04:30]} {[%emt
00:00:18]} Bxc8 {[%clk 00:08:53]} {[%emt 00:00:03]} 26. Rc1 {[%clk 00:04:29]}
{[%emt 00:00:06]} Qxd5 {[%clk 00:08:45]} {[%emt 00:00:13]} 27. a4 {[%clk
00:04:13]} {[%emt 00:00:22]} Be6 {[%clk 00:07:58]} {[%emt 00:00:51]} 28. Qxa6
{[%clk 00:03:40]} {[%emt 00:00:38]} bxa4 {[%clk 00:07:38]} {[%emt 00:00:25]} 29.
Qxa4 {[%clk 00:03:30]} {[%emt 00:00:14]} Qb3 {[%clk 00:07:25]} {[%emt
00:00:19]} 30. Qa7 {[%clk 00:02:54]} {[%emt 00:00:41]} Re8 {[%clk 00:05:39]}
{[%emt 00:01:52]} 31. Qa6 {[%clk 00:02:12]} {[%emt 00:00:43]} Qe3 {[%clk
00:05:11]} {[%emt 00:00:36]} 32. Ra1 {[%clk 00:01:41]} {[%emt 00:00:34]} Rc8
{[%clk 00:04:56]} {[%emt 00:00:21]} 33. Qb7 {[%clk 00:01:13]} {[%emt 00:00:34]}
Rc1+ {[%clk 00:04:51]} {[%emt 00:00:10]} 34. Rxc1 {[%clk 00:01:13]} {[%emt
00:00:06]} Qxc1+ {[%clk 00:04:54]} {[%emt 00:00:01]} 35. Kf2 {[%clk 00:01:16]}
{[%emt 00:00:02]} Qc5+ {[%clk 00:04:57]} {[%emt 00:00:02]} 36. Kf1 {[%clk
00:01:06]} {[%emt 00:00:11]} Kf7 {[%clk 00:04:56]} {[%emt 00:00:09]} 37. Qa6
{[%clk 00:00:51]} {[%emt 00:00:22]} d5 {[%clk 00:04:53]} {[%emt 00:00:07]} 38.
Bb5 {[%clk 00:00:43]} {[%emt 00:00:14]} d4 {[%clk 00:04:52]} {[%emt 00:00:05]}
39. Bd3 {[%clk 00:00:21]} {[%emt 00:00:27]} Bf5 {[%clk 00:04:31]} {[%emt
00:00:25]} 40. Bc4+ {[%clk 00:00:16]} {[%emt 00:00:11]} Kg7 {[%clk 00:04:33]}
{[%emt 00:00:02]} 41. Bd3 {[%clk 00:00:12]} {[%emt 00:00:10]} Qc1+ {[%clk
00:04:31]} {[%emt 00:00:06]} 42. Kf2 {[%clk 00:00:11]} {[%emt 00:00:05]} Qe3+
{[%clk 00:04:35]} {[%emt 00:00:02]} 43. Kg3 {[%clk 00:00:13]} {[%emt 00:00:02]}
Qxd3 {[%clk 00:04:36]} {[%emt 00:00:04]} 44. Qa7 {[%clk 00:00:16]} {[%emt
00:00:03]} Qe3 {[%clk 00:04:33]} {[%emt 00:00:08]} 45. Kh2 {[%clk 00:00:15]}
{[%emt 00:00:04]} Qe5+ {[%clk 00:04:36]} {[%emt 00:00:04]} 46. Kg1 {[%clk
00:00:13]} {[%emt 00:01:03]} d3 {[%clk 00:06:37]} {[%emt 00:00:03]} 47. Qa6
{[%clk 00:00:12]} {[%emt 00:00:05]} d2 {[%clk 00:06:38]} {[%emt 00:00:04]} 0-1

[Event "World Youth & Cadets Rapid Championships"]
[Site "Rhodes, Greece"]
[Date "2022.05.02"]
[Round "7.26"]
[White "Sason, Noam"]
[Black "Sofronie, Vladimir"]
[Result "0-1"]
[TimeControl "10'/game & 5\"/move"]
[WhiteElo "1487"]
[BlackElo "1399"]

1. e4 {[%clk 00:10:09]} {[%emt 00:34:45]} g6 {[%clk 00:10:09]} {[%emt
00:00:02]} 2. d4 {[%clk 00:10:11]} {[%emt 00:00:03]} Bg7 {[%clk 00:10:13]}
{[%emt 00:00:01]} 3. Nc3 {[%clk 00:10:08]} {[%emt 00:00:09]} d6 {[%clk
00:10:13]} {[%emt 00:00:05]} 4. Nf3 {[%clk 00:10:09]} {[%emt 00:00:04]} a6
{[%clk 00:10:15]} {[%emt 00:00:03]} 5. Bc4 {[%clk 00:09:52]} {[%emt 00:00:21]}
e6 {[%clk 00:10:18]} {[%emt 00:00:02]} 6. O-O {[%clk 00:09:44]} {[%emt
00:00:13]} b5 {[%clk 00:10:21]} {[%emt 00:00:03]} 7. Bb3 {[%clk 00:09:47]}
{[%emt 00:00:02]} Bb7 {[%clk 00:10:24]} {[%emt 00:00:02]} 8. Bg5 {[%clk
00:09:44]} {[%emt 00:00:07]} Ne7 {[%clk 00:10:24]} {[%emt 00:00:04]} 9. Qe2
{[%clk 00:09:24]} {[%emt 00:00:25]} h6 {[%clk 00:10:25]} {[%emt 00:00:06]} 10.
Bh4 {[%clk 00:09:27]} {[%emt 00:00:01]} Nd7 {[%clk 00:10:25]} {[%emt 00:00:06]}
11. Rad1 {[%clk 00:09:03]} {[%emt 00:00:29]} g5 {[%clk 00:10:09]} {[%emt
00:00:21]} 12. Bg3 {[%clk 00:09:04]} {[%emt 00:00:03]} Ng6 {[%clk 00:10:11]}
{[%emt 00:00:03]} 13. Qe3 {[%clk 00:08:40]} {[%emt 00:00:29]} Nb6 {[%clk
00:09:39]} {[%emt 00:00:37]} 14. h3 {[%clk 00:07:58]} {[%emt 00:00:47]} Qd7
{[%clk 00:09:07]} {[%emt 00:00:37]} 15. Rfe1 {[%clk 00:06:20]} {[%emt
00:01:43]} a5 {[%clk 00:08:40]} {[%emt 00:00:33]} 16. a3 {[%clk 00:06:19]}
{[%emt 00:00:06]} b4 {[%clk 00:08:07]} {[%emt 00:00:38]} 17. axb4 {[%clk
00:06:16]} {[%emt 00:00:07]} axb4 {[%clk 00:08:11]} {[%emt 00:00:02]} 18. Na2
{[%clk 00:05:51]} {[%emt 00:00:30]} Qb5 {[%clk 00:07:44]} {[%emt 00:00:30]} 19.
Nc1 {[%clk 00:05:02]} {[%emt 00:00:55]} O-O {[%clk 00:06:36]} {[%emt 00:01:13]}
20. Nd3 {[%clk 00:03:53]} {[%emt 00:01:14]} Rfd8 {[%clk 00:06:15]} {[%emt
00:00:26]} 21. Qd2 {[%clk 00:03:16]} {[%emt 00:00:42]} c5 {[%clk 00:06:05]}
{[%emt 00:00:15]} 22. dxc5 {[%clk 00:02:49]} {[%emt 00:00:32]} dxc5 {[%clk
00:06:09]} 23. Bc7 {[%clk 00:02:39]} {[%emt 00:00:15]} Rd7 {[%clk 00:05:56]}
{[%emt 00:00:18]} 24. Bxb6 {[%clk 00:02:38]} {[%emt 00:00:06]} Qxb6 {[%clk
00:06:00]} {[%emt 00:00:01]} 25. Qe3 {[%clk 00:02:36]} {[%emt 00:00:07]} Rc8
{[%clk 00:05:45]} {[%emt 00:00:17]} 26. Bc4 {[%clk 00:02:06]} {[%emt 00:00:38]}
Bf8 {[%clk 00:05:07]} {[%emt 00:00:43]} 27. Nde5 {[%clk 00:01:37]} {[%emt
00:00:34]} Nxe5 {[%clk 00:04:54]} {[%emt 00:00:17]} 28. Nxe5 {[%clk 00:01:41]}
{[%emt 00:00:02]} Rxd1 {[%clk 00:04:58]} 29. Rxd1 {[%clk 00:01:45]} Bd6 {[%clk
00:04:46]} {[%emt 00:00:16]} 30. Nd7 {[%clk 00:01:32]} {[%emt 00:00:18]} Qc6
{[%clk 00:04:49]} {[%emt 00:00:02]} 31. Nf6+ {[%clk 00:01:30]} {[%emt
00:00:08]} Kg7 {[%clk 00:04:52]} {[%emt 00:00:01]} 32. Nh5+ {[%clk 00:01:31]}
{[%emt 00:00:04]} Kg6 {[%clk 00:04:48]} {[%emt 00:00:08]} 33. Ng3 {[%clk
00:01:32]} {[%emt 00:00:05]} Bxg3 {[%clk 00:04:42]} {[%emt 00:00:11]} 34. Qxg3
{[%clk 00:01:33]} {[%emt 00:00:04]} Qc7 {[%clk 00:04:37]} {[%emt 00:00:10]} 35.
Qd3 {[%clk 00:01:22]} {[%emt 00:00:16]} Qe5 {[%clk 00:04:32]} {[%emt 00:00:08]}
36. b3 {[%clk 00:00:52]} {[%emt 00:00:38]} Qxe4 {[%clk 00:04:24]} {[%emt
00:00:12]} 37. Qg3 {[%clk 00:00:44]} {[%emt 00:00:12]} Qf4 {[%clk 00:04:15]}
{[%emt 00:00:13]} 38. Qxf4 gxf4 {[%clk 00:04:19]} 39. Rd7 {[%clk 00:00:33]} Be4
{[%clk 00:04:22]} {[%emt 00:00:02]} 40. Bd3 {[%clk 00:00:35]} {[%emt 00:00:02]}
Bxd3 {[%clk 00:04:19]} {[%emt 00:00:08]} 41. cxd3 {[%emt 00:00:22]} Ra8 {[%clk
00:04:03]} 42. Rc7 {[%clk 00:00:43]} {[%emt 00:00:02]} Ra3 {[%clk 00:04:07]}
{[%emt 00:00:01]} 43. Rxc5 {[%clk 00:00:41]} {[%emt 00:00:07]} Rxb3 {[%clk
00:04:11]} 44. Rb5 {[%clk 00:00:46]} f6 {[%clk 00:04:06]} {[%emt 00:00:09]} 45.
Kf1 {[%clk 00:00:48]} {[%emt 00:00:03]} e5 {[%clk 00:04:04]} {[%emt 00:00:07]}
46. Ke2 {[%clk 00:00:49]} {[%emt 00:00:04]} Kf5 {[%clk 00:03:51]} {[%emt
00:00:18]} 47. Kd2 {[%clk 00:00:43]} {[%emt 00:00:11]} Rb2+ {[%clk 00:03:55]}
{[%emt 00:00:02]} 48. Ke1 {[%clk 00:00:41]} {[%emt 00:00:06]} Ke6 {[%clk
00:03:03]} {[%emt 00:00:57]} 49. Rb6+ {[%clk 00:00:26]} {[%emt 00:00:21]} Kf5
{[%emt 00:00:42]} 50. Rb5 {[%clk 00:00:30]} f3 {[%clk 00:02:08]} {[%emt
00:00:24]} 51. g3 {[%clk 00:00:22]} {[%emt 00:00:12]} h5 {[%clk 00:02:10]}
{[%emt 00:00:03]} 52. Rb6 {[%clk 00:00:12]} {[%emt 00:00:15]} b3 {[%clk
00:02:00]} {[%emt 00:00:15]} 53. Kf1 {[%clk 00:00:10]} {[%emt 00:00:07]} Rb1#
{[%emt 00:00:03]} 0-1

[Event "World Youth & Cadets Rapid Championships"]
[Site "Rhodes, Greece"]
[Date "2022.05.02"]
[Round "7.27"]
[White "Ashwath, Kaushik"]
[Black "Jakhria, Kushal"]
[Result "1/2-1/2"]
[TimeControl "10'/game & 5\"/move"]
[WhiteElo "1283"]
[BlackElo "1367"]

1. e4 {[%clk 00:10:07]} {[%emt 00:00:03]} c5 {[%clk 00:10:10]} {[%emt
00:00:01]} 2. c3 {[%clk 00:10:09]} {[%emt 00:00:03]} d5 {[%clk 00:10:13]}
{[%emt 00:00:02]} 3. exd5 {[%clk 00:10:08]} {[%emt 00:00:06]} Qxd5 {[%clk
00:10:16]} {[%emt 00:00:02]} 4. Nf3 {[%clk 00:10:10]} {[%emt 00:00:03]} Nc6
{[%clk 00:10:15]} {[%emt 00:00:06]} 5. d4 {[%clk 00:10:11]} {[%emt 00:00:03]}
Bg4 {[%clk 00:10:11]} {[%emt 00:00:10]} 6. Be2 {[%clk 00:09:55]} {[%emt
00:00:20]} cxd4 {[%clk 00:09:45]} {[%emt 00:00:32]} 7. cxd4 {[%clk 00:09:55]}
{[%emt 00:00:05]} e6 {[%clk 00:09:42]} {[%emt 00:00:08]} 8. Nc3 {[%clk
00:09:46]} {[%emt 00:00:14]} Bb4 {[%clk 00:09:45]} {[%emt 00:00:02]} 9. h3
{[%clk 00:09:39]} {[%emt 00:00:11]} Bxf3 {[%clk 00:09:46]} {[%emt 00:00:05]} 10.
Bxf3 {[%clk 00:09:35]} {[%emt 00:00:09]} Qd7 {[%clk 00:09:50]} 11. O-O {[%clk
00:09:21]} {[%emt 00:00:18]} Nge7 {[%clk 00:09:52]} {[%emt 00:00:04]} 12. d5
{[%clk 00:08:28]} {[%emt 00:00:58]} exd5 {[%clk 00:09:45]} {[%emt 00:00:13]} 13.
Nxd5 {[%clk 00:08:12]} {[%emt 00:00:21]} Nxd5 {[%clk 00:09:45]} {[%emt
00:00:05]} 14. Bxd5 {[%clk 00:07:59]} {[%emt 00:00:17]} O-O {[%clk 00:09:37]}
{[%emt 00:00:14]} 15. a3 {[%clk 00:07:25]} {[%emt 00:00:37]} Rad8 {[%clk
00:09:27]} {[%emt 00:00:17]} 16. Bb3 {[%clk 00:06:05]} {[%emt 00:01:24]} Qxd1
{[%clk 00:09:27]} {[%emt 00:00:05]} 17. Rxd1 {[%clk 00:06:01]} {[%emt
00:00:10]} Bc5 {[%clk 00:09:29]} {[%emt 00:00:03]} 18. Be3 {[%clk 00:05:13]}
{[%emt 00:00:52]} Bxe3 {[%clk 00:09:28]} {[%emt 00:00:06]} 19. fxe3 {[%clk
00:05:14]} {[%emt 00:00:05]} Rfe8 {[%clk 00:09:24]} {[%emt 00:00:09]} 20. Kf2
{[%clk 00:04:42]} {[%emt 00:00:37]} Ne5 {[%clk 00:09:24]} {[%emt 00:00:05]} 21.
Ke2 {[%clk 00:04:18]} {[%emt 00:00:28]} Nc6 {[%clk 00:09:09]} {[%emt 00:00:20]}
22. Ba4 {[%clk 00:03:42]} {[%emt 00:00:42]} g6 {[%clk 00:08:29]} {[%emt
00:00:44]} 23. Rac1 {[%clk 00:03:09]} {[%emt 00:00:36]} Rc8 {[%clk 00:07:56]}
{[%emt 00:00:41]} 24. Bxc6 {[%clk 00:02:23]} {[%emt 00:00:51]} bxc6 {[%clk
00:07:56]} {[%emt 00:00:06]} 25. Rd7 {[%clk 00:02:04]} {[%emt 00:00:22]} a5
{[%clk 00:07:50]} {[%emt 00:00:12]} 26. Ra7 {[%clk 00:02:02]} {[%emt 00:00:07]}
Rb8 {[%clk 00:07:53]} {[%emt 00:00:03]} 27. Rc2 {[%clk 00:01:52]} {[%emt
00:00:15]} Rb3 {[%clk 00:06:57]} {[%emt 00:01:01]} 28. Rxa5 {[%clk 00:01:35]}
{[%emt 00:00:21]} Rbxe3+ {[%clk 00:06:57]} {[%emt 00:00:05]} 29. Kf2 {[%clk
00:01:36]} {[%emt 00:00:05]} R3e6 {[%clk 00:06:55]} {[%emt 00:00:06]} 30. Rac5
{[%clk 00:01:27]} {[%emt 00:00:14]} Rb8 {[%clk 00:06:21]} {[%emt 00:00:39]} 31.
b4 {[%clk 00:00:49]} {[%emt 00:00:43]} Rb6 {[%clk 00:06:01]} {[%emt 00:00:25]}
32. R2c4 {[%clk 00:00:50]} {[%emt 00:00:04]} Kf8 {[%clk 00:05:23]} {[%emt
00:00:43]} 33. a4 {[%clk 00:00:48]} {[%emt 00:00:07]} Ra6 {[%clk 00:05:16]}
{[%emt 00:00:13]} 34. b5 {[%clk 00:00:33]} {[%emt 00:00:20]} cxb5 {[%clk
00:05:17]} {[%emt 00:00:03]} 35. axb5 {[%clk 00:00:31]} {[%emt 00:00:06]} Ra2+
{[%clk 00:05:20]} {[%emt 00:00:02]} 36. Kg1 {[%clk 00:00:32]} {[%emt 00:00:03]}
Re1+ {[%clk 00:05:24]} {[%emt 00:00:03]} 37. Kh2 {[%clk 00:00:36]} {[%emt
00:00:01]} Ree2 {[%clk 00:05:23]} {[%emt 00:00:06]} 38. Rg4 {[%clk 00:00:30]}
{[%emt 00:00:11]} h5 {[%clk 00:05:25]} {[%emt 00:00:03]} 39. Rg3 {[%clk
00:00:31]} {[%emt 00:00:03]} Rab2 {[%clk 00:05:16]} {[%emt 00:00:15]} 40. Rc8+
{[%clk 00:00:21]} {[%emt 00:00:16]} Kg7 {[%clk 00:05:19]} {[%emt 00:00:01]} 41.
Rb8 {[%clk 00:00:23]} {[%emt 00:00:03]} h4 {[%clk 00:05:15]} {[%emt 00:00:08]}
42. Rg4 {[%clk 00:00:17]} {[%emt 00:00:12]} f5 {[%clk 00:05:16]} {[%emt
00:00:04]} 43. Rb7+ {[%clk 00:00:16]} {[%emt 00:00:06]} Kf6 {[%clk 00:05:17]}
{[%emt 00:00:03]} 44. Rb6+ {[%clk 00:00:19]} {[%emt 00:00:03]} Kf7 {[%clk
00:05:17]} {[%emt 00:00:05]} 45. Rgxg6 {[%clk 00:00:22]} {[%emt 00:00:02]} Rf2
{[%clk 00:05:09]} {[%emt 00:00:12]} 46. Rbf6+ {[%clk 00:00:16]} {[%emt
00:00:12]} Ke7 {[%clk 00:05:13]} 47. Rb6 {[%clk 00:00:12]} {[%emt 00:00:09]} f4
{[%clk 00:05:00]} {[%emt 00:00:18]} 48. Rb7+ {[%clk 00:00:12]} {[%emt
00:00:05]} Kf8 {[%clk 00:05:03]} {[%emt 00:00:02]} 49. Rb8+ {[%clk 00:00:14]}
{[%emt 00:00:04]} Kf7 {[%clk 00:05:06]} 50. Rgg8 {[%clk 00:00:15]} {[%emt
00:00:04]} f3 {[%clk 00:04:43]} {[%emt 00:00:28]} 51. Rbf8+ {[%clk 00:00:18]}
{[%emt 00:00:01]} Ke7 {[%clk 00:04:47]} 52. Re8+ {[%clk 00:00:22]} {[%emt
00:00:01]} Kd7 {[%clk 00:04:52]} 53. Rd8+ {[%clk 00:00:26]} {[%emt 00:00:01]}
Kc7 {[%clk 00:04:56]} 54. Rc8+ {[%clk 00:00:30]} {[%emt 00:00:01]} Kd6 {[%clk
00:04:59]} 55. Rc6+ {[%clk 00:00:34]} {[%emt 00:00:02]} Kd5 {[%clk 00:05:03]}
{[%emt 00:00:01]} 56. Rd8+ {[%clk 00:00:37]} {[%emt 00:00:02]} Ke5 {[%clk
00:05:05]} {[%emt 00:00:03]} 57. Re8+ {[%clk 00:00:41]} {[%emt 00:00:02]} Kf5
{[%clk 00:05:04]} {[%emt 00:00:06]} 58. Rf8+ {[%clk 00:00:44]} {[%emt
00:00:02]} Ke4 {[%clk 00:05:08]} {[%emt 00:00:01]} 59. Re8+ {[%clk 00:00:12]}
{[%emt 00:00:36]} Kd3 {[%clk 00:05:10]} {[%emt 00:00:03]} 60. Rd6+ {[%clk
00:00:14]} {[%emt 00:00:02]} Kc4 {[%clk 00:05:10]} {[%emt 00:00:06]} 61. Rc8+
{[%clk 00:00:13]} {[%emt 00:00:07]} Kb3 {[%clk 00:04:59]} {[%emt 00:00:15]} 62.
Rd3+ {[%clk 00:00:14]} {[%emt 00:00:04]} Kb4 {[%clk 00:05:02]} {[%emt
00:00:02]} 63. Rd4+ {[%clk 00:00:17]} {[%emt 00:00:02]} Ka5 {[%clk 00:04:45]}
{[%emt 00:00:22]} 64. Ra8+ {[%clk 00:00:19]} {[%emt 00:00:02]} Kb6 {[%clk
00:04:47]} {[%emt 00:00:04]} 65. Rd6+ {[%clk 00:00:22]} {[%emt 00:00:02]} Kb7
{[%clk 00:04:50]} {[%emt 00:00:03]} 66. Rg8 {[%clk 00:00:24]} {[%emt 00:00:02]}
Rxg2+ {[%clk 00:04:15]} {[%emt 00:00:40]} 67. Rxg2 {[%clk 00:00:28]} {[%emt
00:00:01]} Rxg2+ {[%clk 00:04:19]} 68. Kh1 {[%clk 00:00:32]} Rg3 {[%clk
00:03:17]} {[%emt 00:01:07]} 69. Kh2 {[%clk 00:00:30]} {[%emt 00:00:06]} Rg2+
{[%clk 00:02:50]} {[%emt 00:00:33]} 70. Kh1 {[%clk 00:00:34]} Rb2 {[%clk
00:02:48]} {[%emt 00:00:06]} 71. Rf6 {[%clk 00:00:32]} {[%emt 00:00:08]} f2
{[%clk 00:02:52]} 72. Kg2 {[%clk 00:00:32]} {[%emt 00:00:04]} Rxb5 {[%clk
00:02:55]} {[%emt 00:00:03]} 73. Rxf2 {[%clk 00:00:33]} {[%emt 00:00:04]} Rg5+
{[%clk 00:02:59]} 74. Kh2 {[%clk 00:00:30]} {[%emt 00:00:08]} Kc6 {[%clk
00:02:47]} {[%emt 00:00:17]} 75. Rf4 {[%clk 00:00:34]} {[%emt 00:00:01]} Rh5
{[%clk 00:02:51]} {[%emt 00:00:01]} 76. Kg2 {[%clk 00:00:34]} {[%emt 00:00:05]}
Kd5 {[%clk 00:02:49]} {[%emt 00:00:07]} 77. Kf3 {[%clk 00:00:38]} {[%emt
00:00:01]} Rh8 {[%clk 00:02:34]} {[%emt 00:00:20]} 78. Rg4 {[%clk 00:00:25]}
{[%emt 00:00:17]} Ke5 {[%clk 00:02:24]} {[%emt 00:00:16]} 79. Rf4 {[%clk
00:00:15]} {[%emt 00:00:14]} Rh7 {[%clk 00:02:24]} {[%emt 00:00:06]} 80. Rg4
{[%clk 00:00:15]} {[%emt 00:00:04]} Rf7+ {[%clk 00:02:26]} {[%emt 00:00:03]} 81.
Ke3 {[%clk 00:00:20]} {[%emt 00:00:01]} Rh7 {[%clk 00:02:25]} {[%emt 00:00:06]}
82. Kf3 {[%clk 00:00:24]} Rh5 {[%clk 00:02:26]} {[%emt 00:00:04]} 83. Ke3
{[%clk 00:00:26]} {[%emt 00:00:04]} Kf6 {[%clk 00:02:24]} {[%emt 00:00:06]} 84.
Kf4 {[%clk 00:00:26]} {[%emt 00:00:05]} Rf5+ {[%clk 00:02:23]} {[%emt
00:00:06]} 85. Ke4 {[%clk 00:00:30]} {[%emt 00:00:01]} Ra5 {[%clk 00:02:25]}
{[%emt 00:00:04]} 86. Kf4 {[%clk 00:00:14]} {[%emt 00:00:20]} Ra4+ {[%clk
00:02:23]} {[%emt 00:00:07]} 87. Kf3 {[%clk 00:00:15]} {[%emt 00:00:04]} Ra3+
{[%clk 00:02:18]} {[%emt 00:00:10]} 88. Kg2 {[%clk 00:00:17]} {[%emt 00:00:02]}
Kf5 {[%clk 00:02:04]} {[%emt 00:00:20]} 89. Rxh4 {[%clk 00:00:18]} {[%emt
00:00:03]} Ra2+ {[%clk 00:02:08]} 90. Kf3 {[%clk 00:00:19]} {[%emt 00:00:04]}
Ra3+ {[%clk 00:02:03]} {[%emt 00:00:11]} 91. Kg2 {[%clk 00:00:23]} {[%emt
00:00:01]} Kg5 {[%clk 00:02:07]} 92. Rg4+ {[%clk 00:00:23]} {[%emt 00:00:06]}
Kf5 {[%clk 00:02:09]} {[%emt 00:00:03]} 93. Rg3 {[%clk 00:00:22]} {[%emt
00:00:06]} Ra2+ {[%clk 00:02:10]} {[%emt 00:00:04]} 94. Kf3 {[%clk 00:00:24]}
{[%emt 00:00:03]} Rb2 {[%clk 00:02:11]} {[%emt 00:00:04]} 95. h4 {[%clk
00:00:24]} {[%emt 00:00:04]} Rb3+ {[%clk 00:02:00]} {[%emt 00:00:16]} 96. Kg2
{[%clk 00:00:28]} {[%emt 00:00:02]} Rxg3+ {[%clk 00:02:02]} {[%emt 00:00:04]}
97. Kxg3 {[%clk 00:00:31]} {[%emt 00:00:01]} Kg6 {[%clk 00:02:06]} 98. Kg4
{[%clk 00:00:35]} {[%emt 00:00:01]} Kh6 {[%clk 00:02:11]} 99. h5 {[%clk
00:00:38]} {[%emt 00:00:02]} Kh7 {[%clk 00:02:15]} 100. Kg5 {[%clk 00:00:42]}
{[%emt 00:00:02]} Kh8 {[%clk 00:02:20]} 101. Kh6 {[%clk 00:00:43]} {[%emt
00:00:04]} Kg8 {[%emt 00:00:03]} 102. Kg6 Kh8 {[%clk 00:02:27]} 103. h6 {[%clk
00:00:50]} {[%emt 00:00:02]} Kg8 {[%clk 00:02:31]} 104. h7+ {[%clk 00:00:53]}
{[%emt 00:00:03]} Kh8 105. Kh6 {[%clk 00:00:53]} {[%emt 00:00:03]} 1/2-1/2